Kant a Rawls o neutralite liberálneho štátu

Základné predpoklady a argumentačné postupy používané v diskusii o hodnotovej neutralite štátu.

Saved in:
Bibliographic Details
Main Author: Cíbik, Matej
Format: Book Chapter
Language:Slovak
Subjects:
Tags: Add Tag
No Tags, Be the first to tag this record!

MARC

LEADER 00000naa a2200000 4500
001 0130452
005 20231204092353.6
041 0 |a slo 
044 |a SK 
245 1 0 |a Kant a Rawls o neutralite liberálneho štátu  |c Matej Cíbik 
520 |a Základné predpoklady a argumentačné postupy používané v diskusii o hodnotovej neutralite štátu. 
610 2 0 |a liberalizmus 
610 2 0 |a neutralita 
610 2 0 |a štát 
610 2 0 |a Kant 
610 2 0 |a Rawls, J. 
100 1 |a Cíbik, Matej